00274nam a2200109 a 450000500170000000800410001705000220005824500160008030000100009644000230010665000350012920140412111237.0001116s19uu xx 00 eng d aM 611bHu918 19_? aHuman body. a13 p. aMy Picture Library aHuman anatomy -- picture books